000 00695nam a22001937a 4500
005 20210916104612.0
008 210910s1982 ck a|||gr|||| 00| 0 spa d
040 _aCO-BoUCM
_bspa
_cDeissy Garcia
_dDeissy Garcia
041 _aspa
100 1 _aRivero, Mario
_9105813
245 1 0 _aArtistas plásticos en Colombia
_blos de ayer y los de hoy
_cMario Rivero
260 _aBogotá
_bStamato
_c1982
300 _a399 páginas
_bilustraciones
504 _aIncluye referencias bibliográficas
650 7 _aPintores colombianos
_xBiografías
_9105968
650 7 _aArte colombiano
_xHistoria
_948116
942 _2DEWEY
_a17
_cLIBRO
_e1
_h759.9861
_mR621a
_n0
999 _c319670
_d319670